[Event "RUS-Cup01 Chigorin mem"]
[Site "St Petersburg"]
[Date "1997.11.03"]
[Round "3"]
[White "Shurygin, Sergey"]
[Black "Driamin, Dmitrij"]
[Result "1/2-1/2"]
[WhiteElo "2355"]
[BlackElo "2230"]

1.c4 c5 2.Nf3 e6 3.g3 b6 4.Bg2 Bb7 5.O-O Nf6 6.Nc3 Be7 7.Re1 d6 8.e4 Nbd7
9.d4 cxd4 10.Nxd4 a6 11.b3 O-O 12.Bb2 Qc7 13.Qd2 Rfe8 14.Rad1 Bf8 15.h3 Nc5
16.Kh2 Red8 17.Qe2 Rac8 18.f4 d5 19.cxd5 exd5 20.e5 Nfe4 21.Rc1 Qb8 22.h4 b5
23.Nd1 b4 24.Qe3 a5 25.Bf1 h6 26.Nf2 Nxf2 27.Qxf2 Ne4 28.Qe3 Bc5 29.Bh3 Qa7
30.Bxc8 Bxc8 31.Rxc5 Qxc5 32.Rc1 Qa7 33.Qf3 Re8 34.f5 Nc3 35.Bxc3 bxc3 36.Nc6 Qd7
37.Qxc3 Qxf5 38.Ne7+ Rxe7 39.Qxc8+ Qxc8 40.Rxc8+ Kh7 41.Ra8 Rxe5 42.Rxa5 Re2+
43.Kh3 d4 44.Kg4 Rf2 45.h5 f5+ 46.Kh3 d3 47.Rd5 Rxa2 48.Rxd3 g5 49.hxg6+ Kxg6  1/2-1/2

[Event "RUS-Cup01 Chigorin mem"]
[Site "St Petersburg"]
[Date "1997.11.07"]
[Round "7"]
[White "Osnos, Viatcheslav"]
[Black "Eliseev, Alexey"]
[Result "1/2-1/2"]
[WhiteElo "2440"]
[BlackElo "2300"]

1.Nf3 Nf6 2.c4 e6 3.g3 b6 4.Bg2 Bb7 5.O-O c5 6.Nc3 Be7 7.d4 cxd4 8.Qxd4 O-O
9.Rd1 Qc8 10.Bf4 Bc5 11.Qd3 Na6 12.a3 d5 13.cxd5 exd5 14.Rac1 Qd8 15.b4 Be7
16.Be5 Re8 17.Ng5 g6 18.Nxf7 Kxf7 19.Bxf6 Bxf6 20.Bxd5+ Bxd5 21.Nxd5 Rc8
22.Rc4 Rxc4 23.Qxc4 Qc8 24.Qf4 Qf5 25.Qc4 Qc8 26.Qf4 Qf5 27.Qc4 Qc8  1/2-1/2

[Event "Bayern-chI Bank Hofmann"]
[Site "Bad Wiessee"]
[Date "1997.11.15"]
[Round "1"]
[White "Ryba, Andreas"]
[Black "Enders, Peter"]
[Result "1/2-1/2"]
[WhiteElo "2165"]
[BlackElo "2535"]

1.Nf3 Nf6 2.c4 b6 3.g3 Bb7 4.Bg2 e6 5.O-O c5 6.b3 Be7 7.Bb2 O-O 8.Nc3 Na6
9.d3 d5 10.Nd2 Qd7 11.a3 Rfd8 12.Qc2 Rac8 13.Rad1 Nb8 14.e4 dxc4 15.dxc4 Nc6
16.Nf3 Nd4 17.Qb1 a6 18.Nxd4 cxd4 19.Ne2 e5 20.Nc3 Bd6 21.Nd5 Nxd5 22.cxd5 Qb5
23.b4 a5 24.f4 axb4 25.a4 Qc4 26.fxe5 Bxe5 27.Qa1 b3 28.Bxd4 Bxd4+ 29.Qxd4 Ba6
30.Qxc4 Rxc4 31.Rf3 b2 32.Rb3 Rc1 33.Bf3 Bd3 34.Rxb2 Rxd1+ 35.Bxd1 Bxe4 36.Rxb6 Bxd5
37.Bb3 g6 38.Bxd5  1/2-1/2

[Event "Bayern-chI Bank Hofmann"]
[Site "Bad Wiessee"]
[Date "1997.11.22"]
[Round "8"]
[White "Stoeber, Michael"]
[Black "Schaefer, Michael"]
[Result "1-0"]
[WhiteElo "2290"]
[BlackElo "2220"]

1.c4 e6 2.Nf3 c5 3.g3 b6 4.Bg2 Bb7 5.O-O Nf6 6.Nc3 d6 7.d4 cxd4 8.Qxd4 a6
9.Rd1 Nbd7 10.Ng5 Bxg2 11.Kxg2 Ra7 12.Nge4 Nxe4 13.Nxe4 Nc5 14.Nxd6+ Bxd6
15.Qxg7 Rf8 16.Bh6 Qa8+ 17.f3 f5 18.Qd4 Be7 19.b4 Nd7 20.Bxf8 Bxf8 21.Qh8 h6
22.Rd3 Kf7 23.Rad1 Qc6 24.e4 Bg7 25.Qd8 Ne5 26.Rd6 Qxc4 27.exf5 Qe2+ 28.Kh3 exf5
29.Qc8 Nxf3 30.Qxf5+ Kg8 31.Rd8+  1-0

[Event "Viking op"]
[Site "Aaland-Stockholm"]
[Date "1997.??.??"]
[Round "?"]
[White "Greenfeld, Alon"]
[Black "Ulibin, Mikhail"]
[Result "1/2-1/2"]
[WhiteElo "2540"]
[BlackElo "2535"]

1.Nf3 e6 2.c4 c5 3.g3 b6 4.Bg2 Bb7 5.O-O Nf6 6.Nc3 Be7 7.d4 cxd4 8.Qxd4 d6
9.b3 O-O 10.Ba3 Nc6 11.Qf4 d5 12.Bxe7 Nxe7 13.Ne5 Qb8 14.cxd5 Nfxd5 15.Nxd5  1/2-1/2

[Event "AUT-chT2W 9798"]
[Site "Austria"]
[Date "1997.??.??"]
[Round "5"]
[White "Habibi, Ali"]
[Black "Angerer, Helmut"]
[Result "1-0"]
[WhiteElo "2325"]
[BlackElo "2095"]

1.Nf3 b6 2.g3 e6 3.Bg2 Bb7 4.c4 c5 5.O-O Nf6 6.d4 cxd4 7.Qxd4 d6 8.Nc3 Be7
9.b3 a6 10.Bb2 Nbd7 11.e4 Qc7 12.Rac1 O-O 13.Rfe1 Rfe8 14.Kh1 Rad8 15.Qe3 Qb8
16.Nd4 Bf8 17.Qe2 Qa8 18.f3 Qb8 19.Nc2 Ne5 20.Rcd1 Ng6 21.f4 Be7 22.Ne3 Qa8
23.Nf1 h5 24.Nd2 h4 25.Bf3 Nd7 26.Rf1 hxg3 27.hxg3 Bf6 28.Ndb1 Nc5 29.Rde1 b5
30.b4 Nd7 31.cxb5 axb5 32.a3 Bc6 33.Bc1 Qb7 34.a4 Rb8 35.a5 Be7 36.Na2 Nf6
37.Nbc3 Rec8 38.Qd3 d5 39.e5 Ne4  1-0

[Event "Landesliga Sued9798"]
[Site "Bayern"]
[Date "1997.??.??"]
[Round "?"]
[White "Schneider, Richard"]
[Black "Vuckovic, Aleksandar"]
[Result "0-1"]
[WhiteElo "2175"]
[BlackElo "2275"]

1.Nf3 c5 2.c4 e6 3.g3 b6 4.Bg2 Bb7 5.O-O Nf6 6.Nc3 a6 7.Re1 Be7 8.e4 d6 9.d4 cxd4
10.Nxd4 Qc7 11.b3 b5 12.Bb2 bxc4 13.Rc1 Nbd7 14.Nd5 exd5 15.exd5 Kf8 16.Rxc4 Qb6
17.Nf5 Re8 18.Rce4 Ne5 19.Rxe5 dxe5 20.d6 Bd8 21.Ba3 Kg8 22.Qd2 h6 23.d7 Re6
24.Bxb7 Qxb7 25.Rd1 Kh7 26.Bc1 Qf3 27.Nxh6 Ne4 28.Qc2 gxh6 29.Rd3 Qf5 30.Re3 Nxg3  0-1

[Event "Biel op MTO"]
[Site "Biel"]
[Date "1997.??.??"]
[Round "4"]
[White "Wilhelmi, Christian"]
[Black "Bozinovic, Bogdan"]
[Result "1/2-1/2"]
[WhiteElo "2405"]
[BlackElo "2255"]

1.Nf3 c5 2.g3 b6 3.Bg2 Bb7 4.O-O Nf6 5.c4 e6 6.Nc3 a6 7.Re1 Be7 8.e4 d6 9.d4 cxd4
10.Nxd4 Qc7 11.Be3 O-O 12.Rc1 Nbd7 13.h3 Rac8 14.Kh2 Qb8 15.b3 Rfe8 16.Qe2 Bf8
17.Qf1 Qa8 18.Bd2 Nc5 19.f3 g6 20.Nc2 Bg7 21.Ne3 Red8 22.b4 Ncd7 23.a3 Ne5
24.Red1 Qb8 25.f4 Ned7 26.Be1 h5 27.Kh1 Qa8 28.Qd3 b5 29.cxb5 axb5 30.Qxb5 Nxe4
31.Nxe4 Rxc1 32.Rxc1 Bxe4 33.Rc7 Qxa3 34.Bf2 Nf6 35.Qa5 Qb2 36.Rc2 Qb1+ 37.Kh2 Rb8
38.Qa7 Qxb4 39.Rc4 Qb1 40.Rxe4 Nxe4 41.Bxe4 Qb5 42.Nc4 Bf8 43.Nb6 Re8 44.Bf3 Bg7
45.Kg2 Bf8 46.h4 d5 47.Nd7 Qb2 48.Ne5 Re7 49.Qa8 Qb7 50.Qd8 Qc7 51.Qa8 Qb7
52.Qd8 Qc7  1/2-1/2

[Event "Budapest FS02 GM"]
[Site "Budapest"]
[Date "1997.??.??"]
[Round "4"]
[White "Habibi, Ali"]
[Black "Lingnau, Carsten"]
[Result "0-1"]
[WhiteElo "2345"]
[BlackElo "2395"]

1.Nf3 c5 2.g3 b6 3.c4 Bb7 4.Bg2 Nf6 5.O-O e6 6.b3 Be7 7.Bb2 O-O 8.Na3 d5
9.e3 Nc6 10.d3 a6 11.Qe2 Qc7 12.Rac1 Rad8 13.Rfd1 Rfe8 14.Nc2 e5 15.Nce1 Bf8
16.Qc2 g6 17.Qb1 Bg7 18.Qa1 Qe7 19.Nd2 d4 20.e4 Bh6 21.Rb1 Nh5 22.Bc1 f5
23.exf5 gxf5 24.a3 a5 25.Qb2 Bg7 26.Ndf3 Bf6 27.Qe2 Ng7 28.Nd2 Kh8 29.f3 Qf7
30.Nc2 Be7 31.Re1 Bd6 32.Bb2 Qg6 33.Rf1 h5 34.Rf2 Ne6 35.Re1 h4 36.Nf1 Ng7
37.Bc1 Nh5 38.Qd2 Rg8 39.Bh3 Ne7 40.Bg2 Rg7 41.Ree2 Rdg8 42.Ne1 Qh7 43.f4 e4
44.dxe4 fxe4 45.Bb2 Nf5 46.Rxe4 hxg3 47.hxg3 Nhxg3 48.Nxg3 Rxg3 49.Rxd4 cxd4
50.Bxd4+ Nxd4 51.Qxd4+ Qg7 52.Qxd6 Bxg2 53.Rd2 Bh3+ 54.Kf2 Rg2+ 55.Ke3 Re8+  0-1

[Event "Najdorf op"]
[Site "Buenos Aires"]
[Date "1997.??.??"]
[Round "3"]
[White "Casafus, Ruben"]
[Black "German, Gustavo"]
[Result "0-1"]
[WhiteElo "2365"]
[BlackElo "2500"]

1.Nf3 Nf6 2.g3 b6 3.Bg2 Bb7 4.O-O c5 5.c4 e6 6.b3 Be7 7.Bb2 O-O 8.e3 d5 9.Qe2 dxc4
10.bxc4 Nc6 11.d3 Qc7 12.Nc3 a6 13.Rab1 Rab8 14.Ba1 Rfd8 15.Ne1 Na7 16.f4 Bxg2
17.Qxg2 b5 18.cxb5 axb5 19.f5 exf5 20.Rxf5 Qd7 21.e4 c4 22.Nd5 Nxd5 23.Rxd5 Qe6
24.Qf3 Nc6 25.dxc4 bxc4 26.Rbd1 Re8 27.Ng2 Bf8 28.e5 Nb4 29.Nf4 Qb6+ 30.Bd4 Qb7
31.Rb1 Qa8 32.Rf1 Nxd5 33.Nxd5 Qb7 34.Bc3 Red8 35.e6 Bc5+  0-1

[Event "Goodricke op"]
[Site "Calcutta"]
[Date "1997.??.??"]
[Round "9"]
[White "Davies, Nigel R"]
[Black "Kaiumov, Dmitry D"]
[Result "1-0"]
[WhiteElo "2505"]
[BlackElo "2450"]

1.c4 Nf6 2.Nf3 b6 3.g3 c5 4.Bg2 Bb7 5.O-O e6 6.Nc3 a6 7.Re1 Be7 8.e4 d6 9.d4 cxd4
10.Nxd4 Qc7 11.Be3 Nbd7 12.Rc1 O-O 13.f4 Rfd8 14.f5 Nf8 15.Qe2 Re8 16.g4 h6
17.h4 N6h7 18.Qf2 Bf6 19.Nf3 Nd7 20.fxe6 fxe6 21.g5 hxg5 22.hxg5 Be5 23.Qh4 Nhf8
24.Qg4 g6 25.Red1 Bg7 26.Bf4 Qc5+ 27.Kh2 Ne5 28.Nxe5 Bxe5 29.Bxe5 dxe5 30.Ne2 Rad8
31.b3 a5 32.Ng1 Rd4 33.Ne2 Rd6 34.Rxd6 Qxd6 35.Ng1 Rd8 36.Nf3 Rd7 37.Re1 Rh7+
38.Kg1 a4 39.Qg3 Nd7 40.Nh2 Rf7 41.Ng4 Rf4 42.Nf2 axb3 43.axb3 Bc6 44.Nd3 Qd4+
45.Qe3 Rg4 46.Kh2 Qxe3 47.Rxe3 Rxg5 48.Bf3 Nf6 49.Nf2 Nh5 50.Re1 Rg3 51.Bxh5 Rxb3
52.Rg1 Kf8 53.Rxg6 Ke7 54.Bg4 Bd7 55.Nh3 Rc3 56.Ng5 Rxc4 57.Bxe6 Rc2+ 58.Kg3 Be8
59.Rh6 Rc1 60.Bg4 Rg1+ 61.Kf3 Ba4 62.Re6+ Kf8 63.Nh7+ Kf7 64.Bf5 b5 65.Rb6 Kg7
66.Rb7+ Kh6 67.Nf6 Rf1+ 68.Kg2 Rb1 69.Nd5 Bd1 70.Nc3 Rb2+ 71.Kg3 Rb3 72.Kh4  1-0

[Event "Cappelle op"]
[Site "Cappelle la Grande"]
[Date "1997.??.??"]
[Round "1"]
[White "Foisor, Ovidiu"]
[Black "Bouhallel, Rabah"]
[Result "1-0"]
[WhiteElo "2440"]
[BlackElo "2240"]

1.c4 Nf6 2.Nf3 c5 3.g3 b6 4.Bg2 Bb7 5.O-O e6 6.Nc3 d6 7.b3 Be7 8.Bb2 O-O
9.e3 Nbd7 10.d4 Qb8 11.Re1 a6 12.a4 Ne4 13.Nxe4 Bxe4 14.Ne5 Bxg2 15.Nxd7 Qb7
16.Nxf8 Bxf8 17.d5 Be4 18.f3 Bg6 19.e4 e5 20.f4 f6 21.Bc3 a5 22.Ra2 Re8 23.Qf3 Qe7
24.g4 exf4 25.Qxf4 Qd8 26.h4 h6 27.Rg2 Be7 28.Qg3 Bh7 29.g5 hxg5 30.hxg5 fxg5
31.e5  1-0

[Event "Chemnitz op"]
[Site "Chemnitz"]
[Date "1997.??.??"]
[Round "6"]
[White "Espig, Lutz"]
[Black "Wiegner, Denis"]
[Result "1-0"]
[WhiteElo "2410"]
[BlackElo "2135"]

1.Nf3 Nf6 2.c4 e6 3.g3 b6 4.Bg2 Bb7 5.O-O c5 6.Nc3 Be7 7.d4 cxd4 8.Qxd4 d6
9.Rd1 a6 10.b3 Nbd7 11.e4 Qc8 12.Bb2 O-O 13.Rac1 Qc7 14.h3 Rad8 15.Qe3 Qb8
16.Nd4 Qa8 17.Re1 Rfe8 18.Rcd1 Bf8 19.Kh2 Ne5 20.Qe2 Nc6 21.Na4 Nd7 22.f4 Qa7
23.Nxc6 Bxc6 24.Nc3 Qb7 25.b4 b5 26.cxb5 axb5 27.a4 Rb8 28.a5 Nf6 29.Na2 Rbc8
30.Nc1 Rc7 31.Nd3 Rec8 32.Rc1 d5 33.Bxf6 gxf6 34.Nc5 Qa8 35.Qg4+ Kh8 36.Qh4 Be7
37.Qh5 Bxc5 38.Rxc5 dxe4 39.Qh6 f5 40.g4 Bd7 41.Bxe4 Qa7 42.gxf5 Rxc5 43.bxc5 exf5
44.Qf6+ Kg8 45.Rg1+ Kf8 46.Qd6+  1-0

[Event "Ciego de Avila"]
[Site "Ciego de Avila"]
[Date "1997.??.??"]
[Round "1"]
[White "Pazos, Plinio"]
[Black "Larduet, Carlos"]
[Result "1/2-1/2"]
[WhiteElo "2330"]
[BlackElo "2395"]

1.Nf3 c5 2.c4 Nf6 3.g3 b6 4.Bg2 Bb7 5.O-O e6 6.b3 Be7 7.Nc3 a6 8.d4 cxd4
9.Qxd4 d6 10.Rd1 Nbd7 11.e4 Qc7 12.Ba3 Nc5 13.e5 dxe5 14.Qxe5 Rc8 15.Qxc7 Rxc7
16.Ne5 Bxg2 17.Kxg2 Ncd7 18.Bxe7 Kxe7 19.Nxd7 Nxd7 20.Re1 Nf6 21.Ne4  1/2-1/2

[Event "KS Sommerskak op"]
[Site "Copenhagen"]
[Date "1997.??.??"]
[Round "?"]
[White "Olsen, Heini"]
[Black "Hellsten, Johan"]
[Result "0-1"]
[WhiteElo "2300"]
[BlackElo "2485"]

1.Nf3 Nf6 2.c4 e6 3.g3 b6 4.Bg2 Bb7 5.O-O c5 6.Nc3 Be7 7.d4 cxd4 8.Qxd4 Nc6
9.Qf4 d6 10.Rd1 Qb8 11.b3 O-O 12.e4 Rd8 13.Ba3 a6 14.Rd2 b5 15.cxb5 axb5
16.Bb2 b4 17.Na4 Qa7 18.Re1 e5 19.Qe3 Qxe3 20.Rxe3 Nb8 21.Ne1 Bc6 22.a3 bxa3
23.Bxa3 Bxa4 24.bxa4 Rxa4 25.Nc2 Nbd7 26.Nb4 d5 27.Nc6 Bxa3 28.Nxd8 Bc1 29.Red3 Bxd2
30.Rxd2 dxe4 31.Bh3 Rd4 32.Ra2 g6 33.Nc6 Rd6 34.Ra8+ Kg7 35.Rc8 Nb6 36.Rc7 Nfd5  0-1

[Event "MSS-ch"]
[Site "CZE"]
[Date "1997.??.??"]
[Round "?"]
[White "Dvorak, Tomas"]
[Black "Sleich, Jan"]
[Result "0-1"]
[WhiteElo "1925"]
[BlackElo "2210"]

1.Nf3 Nf6 2.g3 b6 3.Bg2 Bb7 4.O-O c5 5.c4 e6 6.Nc3 Be7 7.b3 O-O 8.Bb2 a6
9.a3 d6 10.d4 Nbd7 11.e3 Qc7 12.Qe2 Rfd8 13.Rfd1 Ne4 14.Nd2 Nxc3 15.Bxc3 Bxg2
16.Kxg2 cxd4 17.Bxd4 Nc5 18.b4 Nd7 19.Nf3 Rac8 20.Rac1 Qb7 21.Bb2 Rc7 22.Rc2 Rdc8
23.Rdc1 Bf8 24.Kg1 h6 25.Bd4 Be7 26.Nd2 Bf8 27.Nb3 Qe4 28.Nd2 Qa8 29.Nb3 Qb7
30.Qd3 Qf3 31.Nd2 Qh5 32.Bb2 d5 33.cxd5 Rxc2 34.Rxc2 Qd1+  0-1

[Event "CZE-chT 9697"]
[Site "CZE"]
[Date "1997.??.??"]
[Round "2"]
[White "Znamenacek, Kvetoslav"]
[Black "Hajek, Michal"]
[Result "1-0"]
[WhiteElo "2325"]
[BlackElo "2320"]

1.Nf3 Nf6 2.c4 b6 3.g3 Bb7 4.Bg2 e6 5.O-O c5 6.Nc3 Be7 7.Re1 d6 8.e4 e5 9.d3 O-O
10.a3 Nc6 11.Bd2 Nd4 12.b4 Ne8 13.Nd5 Nxf3+ 14.Qxf3 Bxd5 15.cxd5 Bg5 16.Bc3 Nc7
17.Ra2 Nb5 18.Ba1 a5 19.bxc5 bxc5 20.h4 Bf6 21.a4 Nc7 22.Rb1 Na6 23.Bc3 Nb4
24.Rab2 Qd7 25.Qd1 Be7 26.Kh2 g6 27.Bh3 Qb7 28.f4 exf4 29.gxf4 Bxh4 30.d4 Bf6
31.e5 cxd4 32.Bxb4 axb4 33.Rxb4 Qe7 34.exf6  1-0

[Event "Moravia-chT 9798"]
[Site "CZE"]
[Date "1997.??.??"]
[Round "2"]
[White "Misiuga, Andrzej"]
[Black "Jankovec, Ivan"]
[Result "0-1"]
[WhiteElo "2195"]
[BlackElo "2240"]

1.Nf3 Nf6 2.c4 c5 3.g3 b6 4.Bg2 Bb7 5.O-O e6 6.Nc3 Be7 7.d4 cxd4 8.Qxd4 d6
9.Ng5 Bxg2 10.Kxg2 O-O 11.b3 Nbd7 12.Bb2 Qc7 13.Rad1 Rfd8 14.Rd2 Nc5 15.e4 h6
16.Nh3 Qb7 17.f3 a6 18.Nf2 b5 19.b4 Ncd7 20.cxb5 axb5 21.Qd3 Ne5 22.Qxb5 Qxb5
23.Nxb5 Rxa2 24.Rc2 Rb8 25.Nc3 Ra7 26.b5 Rc7 27.Re2 Rbc8 28.f4 Nc4 29.Ba1 Nb6
30.Nfd1 Rc5 31.Ra2 d5 32.Ra7 Bd8 33.e5 Nfd7 34.Ne2 Rxb5 35.Nd4 Rb1 36.Bc3 g6
37.Ne3 Rxf1 38.Nxf1  0-1

[Event "CZE-chT 9697"]
[Site "CZE"]
[Date "1997.??.??"]
[Round "3"]
[White "Freisler, Pavel"]
[Black "Voloshin, Leonid"]
[Result "0-1"]
[WhiteElo "2365"]
[BlackElo "2430"]

1.Nf3 Nf6 2.c4 c5 3.g3 b6 4.Bg2 Bb7 5.O-O e6 6.Nc3 Be7 7.d4 cxd4 8.Qxd4 O-O
9.Bg5 h6 10.Bxf6 Bxf6 11.Qd3 Na6 12.Rad1 Qe7 13.Nd4 Bxg2 14.Kxg2 Rfd8 15.Ndb5 Nc5
16.Qf3 a6 17.Nd4 b5 18.cxb5 axb5 19.Ndxb5 d5 20.b3 Qb7 21.Kg1 Ne4 22.Rd3 Rdc8
23.a4 Bxc3 24.Nxc3 Nc5 25.Rdd1 Qxb3 26.Rb1 Qc4 27.Nb5 Ne4 28.Rfd1 Qxa4 29.Qf4 Qc2
30.Nd4 Qc7 31.Kg2 Qxf4 32.gxf4 Nc3  0-1

[Event "CZE-chT 9697"]
[Site "CZE"]
[Date "1997.??.??"]
[Round "4"]
[White "Lechtynsky, Jiri"]
[Black "Voloshin, Leonid"]
[Result "1/2-1/2"]
[WhiteElo "2425"]
[BlackElo "2430"]

1.Nf3 Nf6 2.c4 c5 3.g3 b6 4.Bg2 Bb7 5.O-O e6 6.b3 Be7 7.Nc3 O-O 8.Bb2 d6
9.e3 a6 10.Qe2 Nbd7 11.Rfd1 Qc7 12.Rac1 Rfe8 13.d4 Bf8 14.Rd2 Rac8 15.Ne1 Bxg2
16.Nxg2 Qb7 17.d5 e5 18.e4 b5 19.f3 Rb8 20.Ne3 g6 21.Ncd1 Bh6 22.Bc3 Rf8
23.Rdc2 Qc8 24.Bd2 Kh8 25.Nf2 Ng8 26.cxb5 axb5 27.b4 Qa6 28.bxc5 dxc5 29.Nd3 Rfc8
30.Kg2 Bf8 31.f4 f6 32.fxe5 fxe5 33.Ng4 b4 34.Be3 Bd6 35.Nb2 Ra8 36.Qxa6 Rxa6
37.Nc4 Rca8 38.Nxd6 Rxd6 39.Bxc5 Nxc5 40.Rxc5 Rxa2+ 41.Kg1 Rb6 42.Nxe5 b3
43.Nc4 Rb4 44.d6 b2 45.Nxb2 Rbxb2 46.d7 Rg2+ 47.Kf1 Rgf2+ 48.Kg1 Rg2+ 49.Kf1 Raf2+
50.Ke1 Re2+ 51.Kf1  1/2-1/2

[Event "Neckar op 1st"]
[Site "Deizisau"]
[Date "1997.??.??"]
[Round "2"]
[White "Schwierskott, Marc"]
[Black "Zeller, Frank"]
[Result "0-1"]
[WhiteElo "2090"]
[BlackElo "2425"]

1.c4 e6 2.g3 c5 3.Bg2 Nf6 4.Nf3 b6 5.O-O Bb7 6.b3 Be7 7.Bb2 O-O 8.e3 Na6
9.Qe2 Nc7 10.Rd1 a6 11.d4 cxd4 12.Bxd4 Rb8 13.Nbd2 d6 14.Rac1 Nd7 15.e4 f6
16.Bb2 Qe8 17.Nd4 Qf7 18.f4 Rfe8 19.Kh1 Bf8 20.N2f3 e5 21.fxe5 dxe5 22.Nf5 Nc5
23.Ne1 N7e6 24.Nd3 Red8 25.Nxc5 Nxc5 26.Ba3 Nxb3 27.axb3 Bxa3 28.Rxd8+ Rxd8
29.Rd1 Qc7 30.Rf1 Qd7 31.Qg4 g6 32.Nh6+ Kg7 33.Qh4 Be7 34.Ng4 Rf8 35.Qh6+ Kg8
36.h3 Qd3 37.Kh2 Qxb3 38.h4 Qxc4 39.h5 Bxe4 40.hxg6 Bxg6 41.Qh4 Kh8 42.Kg1 Qc5+
43.Nf2 f5 44.Qh6 f4 45.g4 e4 46.g5  0-1

[Event "RUS-Cup5"]
[Site "Ekaterinburg"]
[Date "1997.??.??"]
[Round "9"]
[White "Filippov, Valerij"]
[Black "Fokin, Sergey"]
[Result "1-0"]
[WhiteElo "2510"]
[BlackElo "2380"]

1.Nf3 c5 2.c4 e6 3.g3 b6 4.Bg2 Bb7 5.O-O Nf6 6.Nc3 Be7 7.Re1 d6 8.e4 a6 9.d4 cxd4
10.Nxd4 Qc7 11.Be3 O-O 12.Rc1 Nbd7 13.f4 Rac8 14.g4 Nc5 15.Bf2 Qb8 16.g5 Ne8
17.Re3 g6 18.Qg4 Bd8 19.f5 e5 20.Nde2 Rc7 21.Rh3 Qc8 22.Rd1 f6 23.b4 Nxe4
24.Bxe4 Bxe4 25.Qxe4 Rxc4 26.Qd5+ Kh8 27.fxg6 Qxh3 28.Qxc4 f5 29.Qf7 Rg8
30.gxh7 Rxg5+ 31.Ng3 f4 32.Qxe8+ Kxh7 33.Rxd6  1-0

[Event "FIN-chT 9697"]
[Site "FIN"]
[Date "1997.??.??"]
[Round "8.2"]
[White "Tella, Jussi"]
[Black "Tolonen, Leo Toivovich"]
[Result "1/2-1/2"]
[WhiteElo "2310"]
[BlackElo "2335"]

1.Nf3 Nf6 2.c4 e6 3.g3 b6 4.Bg2 Bb7 5.O-O c5 6.Nc3 Be7 7.Re1 Nc6 8.e4 d6
9.d4 cxd4 10.Nxd4 Qd7 11.Bg5 h6 12.Be3 O-O 13.Qe2 a6 14.f4 Qc7 15.Rac1 Nxd4
16.Bxd4 Nd7 17.Red1 Rac8 18.b3 Rfd8 19.Rc2 Bf6 20.Bxf6 Nxf6 21.Rcd2 b5 22.e5 Bxg2
23.Kxg2 Ne8 24.exd6 Rxd6 25.Rxd6 Nxd6 26.cxb5 Nxb5 27.Nxb5 axb5 28.Kh3 Qc5
29.a4 bxa4 30.bxa4 Qf5+ 31.Qg4 Qe4 32.f5 Qxg4+ 33.Kxg4 Rc4+ 34.Kf3 Rxa4 35.fxe6 fxe6
36.Rd7  1/2-1/2

[Event "BL2-W9798"]
[Site "Germany"]
[Date "1997.??.??"]
[Round "?.6"]
[White "Rosen, Bernd"]
[Black "Weidemann, Christian"]
[Result "1-0"]
[WhiteElo "2330"]
[BlackElo "2215"]

1.c4 Nf6 2.Nf3 e6 3.g3 c5 4.Bg2 b6 5.O-O Bb7 6.Nc3 a6 7.b3 Be7 8.d4 cxd4
9.Qxd4 O-O 10.Rd1 Nc6 11.Qd2 Qc7 12.Bb2 d6 13.Rac1 Ne5 14.Nxe5 dxe5 15.Qc2 Bxg2
16.Kxg2 Bc5 17.Ne4 Qc6 18.f3 Nxe4 19.Qxe4 Qxe4 20.fxe4 f6 21.Rd7 Rad8 22.Rcd1 Rxd7
23.Rxd7 Rf7 24.Rd8+ Rf8 25.Rd3 Re8 26.Bc3 a5 27.Rd7 Kf8 28.Rc7 Ra8 29.Kf3 Ra6
30.g4 h6 31.h4 Bd6 32.Rb7 Bc5 33.Bd2 Ra8 34.Be3 a4 35.b4 Bxb4 36.Bxb6 Rc8
37.Bc7 Bc5 38.g5 hxg5 39.hxg5 fxg5 40.Bxe5 Be7 41.Bc7 a3 42.e5 Bc5 43.Bd6+ Kg8
44.Rb8 Rxb8 45.Bxb8 Bd4 46.Bd6 Bb2 47.c5 Kf7 48.c6 Ke8 49.Kg4 Bc1 50.e3 Bxe3
51.Bxa3 Kd8 52.Bd6 Bc1 53.a4 Bd2 54.Kh5 Kc8 55.a5 Bxa5 56.Kxg5 Bd2+ 57.Kg6 Bh6
58.Kf7 Kd8 59.Kxe6 Bf4 60.Kd5 Bg5 61.e6 Bf6 62.c7+ Kc8 63.Kc6 g5 64.e7 Bxe7
65.Bxe7 g4 66.Bc5  1-0

[Event "BL2-W9697"]
[Site "Germany"]
[Date "1997.??.??"]
[Round "?.5"]
[White "Oswald, Hans Joachim"]
[Black "Weidemann, Christian"]
[Result "1/2-1/2"]
[WhiteElo "2335"]
[BlackElo "2240"]

1.Nf3 Nf6 2.c4 c5 3.g3 b6 4.Bg2 Bb7 5.O-O e6 6.Nc3 Be7 7.b3 O-O 8.Bb2 a6
9.d4 cxd4 10.Qxd4 d6 11.Rfd1 Nbd7 12.Ng5 Bxg2 13.Kxg2 Qc7 14.Nge4 Rfd8 15.f3 Nc5
16.Rd2 Ncxe4 17.Nxe4 d5 18.cxd5 Rxd5 19.Qe3 Rxd2 20.Nxd2 Nd5 21.Qe4 Rc8 22.Rc1 Qd8
23.Rxc8 Qxc8 24.Qd3 Qc2  1/2-1/2

[Event "Landesliga Nord 9697 Bayern"]
[Site "Germany"]
[Date "1997.??.??"]
[Round "?"]
[White "Delitzsch, Juergen"]
[Black "Kunz, Konstantin"]
[Result "1-0"]
[WhiteElo "2225"]
[BlackElo "2290"]

1.Nf3 c5 2.c4 e6 3.g3 b6 4.Bg2 Bb7 5.O-O Nf6 6.Nc3 Be7 7.d4 cxd4 8.Qxd4 d6
9.Rd1 a6 10.b3 Nbd7 11.Bb2 O-O 12.Rac1 Qb8 13.Qe3 b5 14.cxb5 axb5 15.Nd4 b4
16.Na4 Bxg2 17.Kxg2 Qb7+ 18.Qf3 d5 19.Qd3 Rfc8 20.Qb5 Qxb5 21.Nxb5 Ne4 22.Bd4 Bf6
23.Bxf6 gxf6 24.f3 Nec5 25.Nxc5 Rxc5 26.Rxc5 Nxc5 27.Rd2 Kf8 28.Rc2 Nd7 29.Nd4 Ne5
30.h3 Rb8 31.Rc7 Ke8 32.f4 Ra8 33.fxe5 fxe5 34.Nc6 Rxa2 35.Nxb4 Rxe2+ 36.Kf3 Rb2
37.Nc2 Rxb3+ 38.Kf2 h5 39.h4 Kf8 40.Ne1 Rb2+ 41.Rc2 Rb7 42.Nf3 f6 43.Nh2 Kf7
44.Nf3 Kg6 45.Ne1 Kf5 46.Nd3 Ra7 47.Kg2 Ra3 48.Rf2+ Kg6 49.Nc5 d4 50.Nxe6 f5
51.Rb2 Ra6 52.Nc5 Rd6 53.Nd3 Kf6 54.Kf2 f4 55.gxf4 e4 56.Ne1 Kf5 57.Rb5+ Kxf4
58.Ng2+ Kg4 59.Rg5+ Kh3 60.Rg3+ Kh2 61.Nf4 e3+ 62.Kf3 Rf6 63.Rg2+ Kh1 64.Ra2 Kg1
65.Kg3  1-0

[Event "BL2-S9798"]
[Site "Germany"]
[Date "1997.??.??"]
[Round "?.2"]
[White "Jirovsky, Milos"]
[Black "Atlas, Valeri"]
[Result "1-0"]
[WhiteElo "2480"]
[BlackElo "2455"]

1.Nf3 c5 2.c4 Nf6 3.g3 b6 4.Bg2 Bb7 5.O-O e6 6.b3 Be7 7.Bb2 O-O 8.Nc3 a6
9.e3 d5 10.cxd5 Nxd5 11.d4 Nd7 12.Qe2 Nxc3 13.Bxc3 Ra7 14.Rfd1 Qa8 15.Rac1 Rc8
16.Bb2 Bc6 17.dxc5 Nxc5 18.Ne1 Bxg2 19.Nxg2 Nd7 20.Nf4 Rxc1 21.Rxc1 e5 22.Nd3 f6
23.Qg4 Nf8 24.Rc8 Qd5 25.Nb4 Qd7 26.Qc4+ Kh8 27.Nd5 h6 28.Nxb6 Qd1+ 29.Kg2 Kh7
30.Nd5 Bd6 31.Rd8 Rd7 32.Rxd7 Nxd7 33.Qc6 e4 34.Nc3 Qf3+ 35.Kg1 Be5 36.Qxd7  1-0

[Event "Karsten Kold op"]
[Site "Gistrup"]
[Date "1997.??.??"]
[Round "6"]
[White "Kengis, Edvins"]
[Black "Aagaard, Jacob"]
[Result "1-0"]
[WhiteElo "2590"]
[BlackElo "2435"]

1.Nf3 Nf6 2.g3 b6 3.Bg2 Bb7 4.c4 c5 5.O-O e6 6.Nc3 a6 7.Re1 d6 8.e4 Be7 9.d4 cxd4
10.Nxd4 Qc7 11.Be3 Nbd7 12.f4 O-O 13.Rc1 Rfe8 14.f5 Bf8 15.fxe6 fxe6 16.Bh3 Nc5
17.b4 Ncxe4 18.Nxe4 Nxe4 19.Nxe6 Qd7 20.Ng5 Qe7 21.Be6+ Kh8 22.Qh5 Nf6 23.Qh3 Bc8
24.Bd4 Qc7 25.Qf5 Bxe6 26.Rxe6 Rxe6 27.Nxe6 Qe7 28.Re1 Nd7 29.Rf1 Re8 30.Nc7 Rd8
31.Nd5 Qe2 32.Bxb6  1-0

[Event "Haarlem op"]
[Site "Haarlem"]
[Date "1997.??.??"]
[Round "4"]
[White "Ivanov, Mikhail M"]
[Black "Pliester, Leon"]
[Result "1-0"]
[WhiteElo "2500"]
[BlackElo "2390"]

1.Nf3 e6 2.c4 b6 3.g3 Bb7 4.Bg2 c5 5.O-O Nf6 6.Nc3 Be7 7.Re1 d5 8.cxd5 exd5
9.d4 O-O 10.Bf4 Na6 11.Qc2 Nc7 12.Rad1 Ne6 13.Bc1 Rc8 14.dxc5 Bxc5 15.e3 Qe7
16.a3 a5 17.Qb1 Rfd8 18.Nd4 Ng5 19.Ncb5 Bxd4 20.exd4 Ne6 21.Nc3 Qc7 22.Qf5 Re8
23.Be3 Qc4 24.g4 Rcd8 25.Bf3 Qb3 26.Qb1 h6 27.Be2 Ng5 28.Rc1 Bc8 29.Bd1 Qc4
30.Ne4 Qb5 31.Nxf6+ gxf6 32.Be2 Qd7 33.Qc2 Qe7 34.h4 Ne4 35.Qc7 Qe6 36.Rc6 Rd6
37.Rxd6 Qxd6 38.Qxd6 Nxd6 39.Bf3 f5 40.gxf5 Nxf5 41.Bxd5 Nxh4 42.Rc1 Be6
43.Bc6 Rc8 44.d5 Nf3+ 45.Kg2 Ne5 46.dxe6 Nxc6 47.Bxb6 fxe6 48.Bxa5 Kf7 49.Bd2 h5
50.b4 Rg8+ 51.Kh3 Nd4 52.Rc7+  1-0

[Event "Wichern op"]
[Site "Hamburg"]
[Date "1997.??.??"]
[Round "9"]
[White "Naumann, Frank"]
[Black "Ftacnik, Lubomir"]
[Result "0-1"]
[WhiteElo "2265"]
[BlackElo "2585"]

1.Nf3 Nf6 2.c4 e6 3.g3 b6 4.Bg2 Bb7 5.O-O c5 6.Nc3 Be7 7.d4 cxd4 8.Qxd4 d6
9.Rd1 a6 10.b3 Nbd7 11.e4 Qb8 12.Ba3 Nc5 13.e5 dxe5 14.Qxe5 Qa7 15.Na4 Ncd7
16.Qb2 Bxa3 17.Qxa3 b5 18.Nb2 Ne4 19.cxb5  0-1

[Event "Heart of Finland op"]
[Site "?"]
[Date "1997.??.??"]
[Round "8"]
[White "Nykopp, Jan Michael F"]
[Black "Heinimaki, Leo"]
[Result "1/2-1/2"]
[WhiteElo "2255"]
[BlackElo "2065"]

1.Nf3 Nf6 2.c4 e6 3.g3 b6 4.Bg2 Bb7 5.O-O c5 6.Nc3 Be7 7.d4 cxd4 8.Qxd4 Nc6
9.Qf4 d6 10.b3 O-O 11.Bb2 a6 12.Rfd1 Qc7 13.Rac1 Rac8 14.Nd5 exd5 15.cxd5 Qb8
16.dxc6 Bxc6 17.Nd4 Bxg2 18.Kxg2 Qa8+ 19.Qf3 Qxf3+ 20.Kxf3 Rxc1 21.Rxc1 d5
22.Nf5 Bc5 23.Bxf6 gxf6 24.e3 Re8 25.Rd1 Rd8 26.Ke2 Kf8 27.e4 Re8 28.Rxd5 Rxe4+
29.Kf3 Re5 30.Rd8+ Re8 31.Rd7 Re6 32.Rc7 Re8 33.a4 a5 34.Rd7 Re6 35.Rd8+ Re8
36.Rd3 Rc8 37.h3 Re8 38.g4 Rc8 39.Ng3 Be7 40.Ne4 Ke8 41.Kf4 Rc6 42.f3 Re6
43.Rd5 Ba3 44.Ke3 Re5 45.Kd4 Bb2+ 46.Kc4 Ke7 47.Rxe5+ fxe5 48.Kd5 f6 49.h4 Bc1
50.h5 Be3 51.Nd6 Kd7 52.Nc4 Bf2 53.g5 Ke7 54.gxf6+ Kxf6 55.Nxe5 Kg5 56.Ng4 Bc5
57.h6 Bg1 58.Ke6 Bd4 59.Kf7 Bc3 60.Kg8 Kg6 61.f4 Bd4 62.Kf8 Bc3 63.Kg8  1/2-1/2